MARC details
| 000 -CABECERA |
| campo de control de longitud fija |
01270nam a2200265 a 4500 |
| 001 - NÚMERO DE CONTROL |
| campo de control |
000034290 |
| 005 - FECHA Y HORA DE LA ÚLTIMA TRANSACCIÓN |
| campo de control |
20250701135406.0 |
| 008 - DATOS DE LONGITUD FIJA--INFORMACIÓN GENERAL |
| campo de control de longitud fija |
090630s1995 dr ad 000 0 spa d |
| 082 ## - NÚMERO DE LA CLASIFICACIÓN DECIMAL DEWEY |
| Número de clasificación |
658.401 |
| Número de documento/Ítem |
M433e, 1995 |
| 040 ## - FUENTE DE LA CATALOGACIÓN |
| Centro catalogador/agencia de origen |
DO-SdBNP |
| 100 1# - ENTRADA PRINCIPAL--NOMBRE DE PERSONA |
| Nombre de persona |
Matos Matos, Milcíades Ml. |
| 9 (RLIN) |
6639 |
| 245 10 - MENCIÓN DE TÍTULO |
| Título |
Estudios de factibilidad : |
| Resto del título |
como preparar y evaluar proyectos de desarrollo económico / |
| Mención de responsabilidad, etc. |
Milcíades Ml. Matos Matos. |
| 246 14 - FORMA VARIANTE DE TÍTULO |
| Título propio/Titulo breve |
Como preparar y evaluar estudios de factibilidad |
| 250 ## - MENCIÓN DE EDICIÓN |
| Mención de edición |
5a ed. amp y renovada |
| 260 ## - PUBLICACIÓN, DISTRIBUCIÓN, ETC. |
| Lugar de publicación, distribución, etc. |
Santo Domingo : |
| Nombre del editor, distribuidor, etc. |
[s.n.], |
| Fecha de publicación, distribución, etc. |
1995 |
| Fabricante |
Amigo del Hogar |
| 300 ## - DESCRIPCIÓN FÍSICA |
| Extensión |
303 p. : |
| Otras características físicas |
il., diagrs. ; |
| Dimensiones |
23 cm. |
| 500 ## - NOTA GENERAL |
| Nota general |
Incluye índice |
| 504 ## - NOTA DE BIBLIOGRAFÍA, ETC. |
| Nota de bibliografía, etc. |
Incluye referencias bibliográficas y notas al pie de las páginas |
| 505 2# - NOTA DE CONTENIDO CON FORMATO |
| Nota de contenido con formato |
Aspectos generales -- La empresa y/o el proyecto -- Análisis del mercado interno y del mercado externo -- Aspectos tecnológicos -- Aspecto económico-financiero: determinación de ingresos, costos y gastos -- Evaluación general -- Anexo -- Caso práctico. |
| 650 #4 - PUNTO DE ACCESO ADICIONAL DE MATERIA--TÉRMINO DE MATERIA |
| Término de materia o nombre geográfico como elemento de entrada |
Estudios de factibilidad |
| 9 (RLIN) |
6640 |
| 650 #4 - PUNTO DE ACCESO ADICIONAL DE MATERIA--TÉRMINO DE MATERIA |
| Término de materia o nombre geográfico como elemento de entrada |
Planificación económica |
| 9 (RLIN) |
6641 |
| 650 #4 - PUNTO DE ACCESO ADICIONAL DE MATERIA--TÉRMINO DE MATERIA |
| Término de materia o nombre geográfico como elemento de entrada |
Evaluación de proyectos |
| Subdivisión general |
Aspectos económicos |
| 9 (RLIN) |
6642 |
| 650 #0 - PUNTO DE ACCESO ADICIONAL DE MATERIA--TÉRMINO DE MATERIA |
| Término de materia o nombre geográfico como elemento de entrada |
Proyectos de desarrollo económico |
| 9 (RLIN) |
6643 |
| 650 #0 - PUNTO DE ACCESO ADICIONAL DE MATERIA--TÉRMINO DE MATERIA |
| Término de materia o nombre geográfico como elemento de entrada |
Mercadotecnia |
| 9 (RLIN) |
6644 |